| 000 | 01094nam a2200205Ia 4500 | ||
|---|---|---|---|
| 999 |
_c39529 _d39529 |
||
| 003 | OSt | ||
| 005 | 20201029124845.0 | ||
| 008 | 160316s2014 xxu||||| |||| 00| 0 eng d | ||
| 040 | _cnls | ||
| 082 |
_a340.000000 _bJAI |
||
| 100 | _aJain Lal | ||
| 245 | _aUGC NET/JRF/SET : Teaching and research aptitude General Paper I | ||
| 260 |
_aAgra _bUpkar Prakashan _c2014 |
||
| 300 | _aVarie | ||
| 365 | _bRs. 280 | ||
| 505 | _aTeaching and Research Aptitude is the first and the compulsory paper of NTA UGC examining the candidate's cognitive skills, including comprehension, analysis, evaluation, and reasoning. Gurukul - Oswal NTA UGC Paper 1 exhaustively covers the updated syllabus applicable from June 2019. This book is a key study material for candidates sitting for the NET / JRF / SET Examinations. It includes all 10 units with over 2500+ MCQs for deep practice. The language of the given explanation is clear and easy to understand and recall in exams. | ||
| 650 | _a1. UGC Exams 2. University Grants Commission NET / JRF / SET Exams | ||
| 700 |
_aVashistha K C _a |
||
| 942 |
_2ddc _cBK |
||